000 00605nam a2200229Ia 4500
003 OSt
005 20221005123941.0
006 a|||||r|||| 00| 0
007 ta
008 221004b |||||||| |||| 00| 0 tam d
024 _a49763
037 _cTextual
040 _aCRL
_cCRL
_btam
041 _2tam
_atam
082 _aO31,3N122,4, K9
100 _aSubramaian N, Chidambara Au.
_9634491
245 0 _aMannil theriyuthu vanam
260 _c1969
650 _aTAMIL FICTION
942 _hO31,3N122,4, K9
_cTEXL
_2cc
999 _c1049035
_d1049035